| 000 | 01015cab a22001815a 4500 | ||
|---|---|---|---|
| 001 | L144906 | ||
| 008 | 080819s2008 xxk f s 000 0 eng d | ||
| 035 | _a(Sirsi) u144906 | ||
| 041 | 0 | _aeng | |
| 100 | 1 | _aIves, Paul | |
| 245 | 0 | 0 | _aCity office market - gloom overdone? |
| 260 | _c2008 | ||
| 490 |
_aProperty Forecast _v11(6) June 2008, 4-5(2) |
||
| 520 | _aArticle looks at the downturn in the city office market and looks for glimmers of hope, seeking to compare the market as it stands now with the market in 2007. Points out that demand has risen (particularly among financial services companies) and that yields have remained fairly constant at 5.5%, despite transaction volumes falling. Suggests that the economic downturn has not affected the city significantly and that it is not on a scale with previous property recessions, partly as a result of growth in a variety of other sectors. | ||
| 651 | 4 |
_aUnited Kingdom _y |
|
| 690 | _aPROPERTY-COMMERCIAL PROPERTY-COMMERCIAL PROPERTY MARKET | ||
| 942 | _n0 | ||
| 999 |
_c80633 _d80633 |
||